Science Quiz

Random Science Quiz
Score 0/50 Timer 10:00
0 Plays Today
Botanical Name % Correct
QuercusOak
98.5%
AcerMaple
95.4%
PinusPine
94.6%
BetulaBirch
82.3%
FagusBeech
81.5%
JuniperusJuniper
80%
MagnoliaMagnolia
79.2%
CornusDogwood
78.5%
PiceaSpruce
77.7%
PrunusCherry
76.2%
FraxinusAsh
74.6%
UlmusElm
73.8%
PopulusPoplar
70.8%
SalixWillow
70.8%
AbiesFir
70%
LarixLarch
59.2%
GleditsiaLocust
54.6%
PyrusPear
54.6%
TsugaHemlock
54.6%
ThujaCedar
53.1%
CatalpaCatalpa
51.5%
CaryaHickory
50.8%
MalusCrabapple
49.2%
CercisRedbud
47.7%
TilliaLinden
46.9%
Botanical Name % Correct
LiriodendronTuliptree
46.9%
AlnusAlder
43.8%
MetasequoiaDawn Redwood
41.5%
AmelanchierServiceberry
41.5%
SyringaLilac
40.8%
AesculusBuckeye
40%
LoniceraHoneysuckle
38.5%
CarpinusHornbeam
37.7%
GinkgoMaidenhair
36.2%
MorusMulberry
36.2%
CeltisHackberry
33.8%
CamelliaCamellia
33.1%
HamamelisWitch Hazel
33.1%
TaxodiumBald Cypress
32.3%
PlatanusPlanetree
31.5%
ZelkovaZelkova
30.8%
CrataegusHawthorne
29.2%
RobiniaBlack Locust
28.5%
GymnocladusKentucky Coffee Tree
23.8%
ChamaecyparisFalsecypress
22.3%
OstryaIronwood
20.8%
KoelreuteriaGolden Rain Tree
20%
CorylusFilbert
13.1%
FrankliniaBen Franklin Tree
12.3%
SorbusEuropean Mountain Ash
7.7%

You're not logged in!

Compare scores with friends on all Sporcle quizzes.
OR
Log In

Sporcle TV

Today on Sporcle TV


Watch our educational content, quiz creation guides, and fun videos on Sporcle TV.

Show Comments

Extras

Created Oct 20, 2009ReportNominate
Tags:botanical, genu, tree

Top Quizzes Today


Score Distribution

Paid Content

Your Account Isn't Verified!

In order to create a playlist on Sporcle, you need to verify the email address you used during registration. Go to your Sporcle Settings to finish the process.

Report this User

Report this user for behavior that violates our Community Guidelines.

Details: